Reading Comprehension Level B
Sách gồm 3 phần: phần I đưa ra một số đề luyện thi theo dạng thức đề thi tiếng Anh trình độ B; phần II cung cấp các từ vựng qua các chủ điểm; phần III giới thiệu một số mẫu đề thi trình độ B
Đã lưu trong:
| Tác giả chính: | |
|---|---|
| Định dạng: | Sách |
| Năm xuất bản: |
Đà Nẵng
Nhà xuất bản Đà Nẵng
1996
|
| Chủ đề: | |
| Tags: |
Thêm thẻ
Không có thẻ, Hãy là người đầu tiên gắn thẻ bản ghi này!
|
| LEADER | 01186nam a2200229 4500 | ||
|---|---|---|---|
| 082 | |a 428.4076 |b M103KH | ||
| 100 | |a MAI KHẮC HẢI | ||
| 242 | |a Đọc hiểu tiếng Anh; Luyện thi chứng chỉ B quốc gia | ||
| 245 | |a Reading Comprehension |b Level B |c MAI KHẮC HẢI, MAI KHẮC BÍNH | ||
| 260 | |a Đà Nẵng |b Nhà xuất bản Đà Nẵng |c 1996 | ||
| 300 | |a 256 tr. |c 19 cm | ||
| 520 | |a Sách gồm 3 phần: phần I đưa ra một số đề luyện thi theo dạng thức đề thi tiếng Anh trình độ B; phần II cung cấp các từ vựng qua các chủ điểm; phần III giới thiệu một số mẫu đề thi trình độ B | ||
| 653 | |a Ngôn ngữ | ||
| 653 | |a Tiếng Anh | ||
| 653 | |a Đọc hiểu | ||
| 653 | |a Luyện thi | ||
| 653 | |a Chứng chỉ | ||
| 653 | |a Bài tập | ||
| 942 | |2 ddc |c STK0 | ||
| 999 | |c 2238 |d 2238 | ||
| 952 | |0 0 |1 0 |2 ddc |4 0 |6 428_407600000000000_M103KH |7 1 |8 400 |9 30643 |a qbu |b qbu |c D4 |d 2014-12-13 |g 17000 |o 428.4076 M103KH |p 2392.C1 |r 0000-00-00 |w 2014-12-13 |y STK0 | ||
| 952 | |0 0 |1 0 |2 ddc |4 0 |6 428_407600000000000_M103KH |7 0 |8 400 |9 30644 |a qbu |b qbu |c D4 |d 2014-12-13 |g 17000 |l 2 |o 428.4076 M103KH |p 2392.C2 |r 2016-04-25 |s 2016-04-13 |w 2014-12-13 |y STK0 | ||